Black Clover Personnages par Images - Statistiques

Statistiques générales
  • Ce quiz a été pris 323 fois
    100 depuis la dernière actualisation
  • Le résultat moyen est 38 sur 304
Statistiques - réponses
Par images Réponse % Correct
Asta
100%
Yuno Grinberryall
94%
Noelle Silva
85%
Yami Sukehiro
85%
Luck Voltia
80%
Vanessa Enoteca
78%
Magna Swing
73%
Finral Roulacase
72%
Charmy Pappitson
70%
Gosh Adley / Gauche
69%
William Vangeance
69%
Julius Novachrono
67%
Mimosa Vermillion
65%
Zora Ideale
65%
Charlotte Roselei
63%
Gordon Agrippa
63%
Grey
59%
Henry Legolant
58%
Nero / Secre Swallowtail
58%
Nozel Silva
57%
Fuegoleon Vermillion
55%
Jack l'Éventreur
55%
Mereoleona Vermillion
53%
Klaus Lunettes
51%
Leopold Vermillion
45%
Langris Vaude
44%
Licht
43%
Nacht Faust
43%
Sol Marron
43%
Lily Aquaria
42%
Rill Boismortier
42%
Dorothy Unsworth
41%
Sekke Bronzazza
38%
Salamandre / Salamander
36%
Solid Silva
33%
Acier Silva
31%
Mars
31%
Marx François
31%
Bell / Sylph
29%
Fana (elfe)
29%
Fana (humaine)
29%
Lucius Zogratis
29%
Zara Ideale
28%
Sally
27%
Marie Adley
26%
Liebe
24%
Lumiel Silvamillion Clover / Lemiel
24%
Nebra Silva / Nebula
24%
Patry / Patolli
24%
Dante Zogratis
22%
Gueldre Poizot
22%
Kaiser Granvorka
22%
Lucifero
22%
Ondine / Undine
22%
Ryah
22%
Vet / Vetto
22%
Nash
20%
Rouge
20%
Valtos
20%
Hamon Caseus
19%
Neige
19%
Owen
19%
Rades Spirito
19%
Kahono
17%
Zenon Zogratis
17%
David Swallow
16%
Lolopechka
16%
Morgen Faust
16%
No.3-David
16%
Xerx Lügner
16%
Zagred
16%
Megicula
15%
Paulie Angel
15%
Theresa Rapual
15%
Vanica Zogratis
15%
Alecdora Sandler
14%
Rebecca Scarlet
14%
Augustus Kira Clover XIII
13%
Fanzell Kruger
13%
Kiato
13%
Ladros
13%
Revchi Salik
13%
Silen Tium / Siren
13%
Tetia
13%
En Ringard
12%
Gadjah
12%
Kirsch Vermillion
12%
Lotus Whomalt
12%
Reine des Sorcières
12%
Richita / Licita
12%
Baro / Varo
10%
Damnatio Kira
10%
Walter
10%
Yami Ichika
10%
Charla
9%
Ciel Grinberryall
9%
Cob Portaporte
9%
Dominante Code
9%
Finesse Calmreich
9%
Letoile Becquerel
9%
Mariella
9%
Orsi Orfai
9%
Belzébuth
8%
Fragil Tormenta
8%
Randall Luftair
8%
Brocks / Broccos
7%
Catherine
7%
Gimodelo
7%
Lilith
7%
Lira
7%
Marco Scarlet
7%
Nathan Agrippa
7%
Aruru
6%
Digit Taliss / Digito
6%
Gio
6%
Heath Grice
6%
Hollo
6%
Lagus / Ragus
6%
Latry / Ratri
6%
Luca Scarlet
6%
Morris Libardirt
6%
No.4-Jimmy
6%
Potrof
6%
Recca
6%
Rob Vitesse
6%
Roxanne Agrippa
6%
Yagos
6%
Abari
5%
Anna
5%
Drouot
5%
Erika Sitate
5%
Esprit de la Terre
5%
Floga
5%
George / Geork
5%
Gifso
5%
Jamo
5%
Jester Garandros
5%
Lucifugus
5%
Lufulu
5%
Nahama
5%
No.0-Michael Caesar
5%
No.1-Carl
5%
No.2-Alfred
5%
Rick Cornell
5%
Salim Hapshass
5%
Seihi
5%
Toike
5%
Yuno elfe
5%
Zarick
5%
Zuta
5%
Abra
3%
Adramelech
3%
Ben Benfunk
3%
Conrad Leto
3%
Curtis Wolne
3%
Demitri Brint
3%
Drowa
3%
Eabra
3%
Eclat / Ekra
3%
Fragil elfe
3%
Hamon elfe
3%
Helene Barbary
3%
Kivn
3%
Klaus elfe
3%
Loyce Grinberryall
3%
Marx elfe
3%
Nils Ragus
3%
Owen elfe
3%
Paulie elfe
3%
Plumede
3%
Ralph Niaflem
3%
Reve
3%
Ruben Chagar
3%
Simon
3%
Wainsley
3%
Xerx elfe
3%
Adrian
2%
Aphro
2%
Babra
2%
Borja
2%
Bow Nocde
2%
Brad
2%
Cabra
2%
Cesc
2%
Dabra
2%
Dazu Tayak
2%
Eliza Zakkeroni
2%
Elvira Aguirre
2%
Emma
2%
Eric
2%
Fluss
2%
Forti Gliss / Forte Gris
2%
Foyal Migusteau
2%
Francis
2%
Gaderois Godroc
2%
Galgaria
2%
Galleo
2%
Gaston
2%
Halbet Chevour
2%
Jonna Agrippa
2%
Kaiser elfe
2%
Kaito
2%
Karna Freese
2%
Kyle
2%
Léviathan
2%
Licht Démon
2%
Makusa North
2%
Medio
2%
Mohawq
2%
Mohl
2%
Nick
2%
Nilenia Agrippa
2%
Nix
2%
Phati
2%
Randall elfe
2%
Risacca Ondell
2%
Roland
2%
Ronne
2%
Rossa
2%
Sarado
2%
Selena
2%
Shidan
2%
Slotos
2%
Smurik
2%
Vide
2%
Willy / Willie
2%
Winston
2%
Ado
1%
Albert
1%
Alecdora elfe
1%
Allen Fiarain
1%
Balmain Bamilton
1%
Baval
1%
Ben elfe
1%
Bruce
1%
Digit elfe
1%
Dragon à Cinq Têtes
1%
Dryad
1%
Edward Avalaché
1%
Élisa
1%
Feremena
1%
Gareth
1%
Général Étincelant de Flamme
1%
Général Étincelant de Vent
1%
Gepard
1%
Goht
1%
Hanegatsuji Jôzô
1%
Hischer Ongg
1%
Imari Komari
1%
Ina
1%
Kezôkaku Ginnojômorifuyu
1%
Ledior Vaude
1%
Liliane Vaude
1%
Mage Fugu du Sanctuaire
1%
Mage Hippocampe du Sanctuaire
1%
Mage Murène du Sanctuaire
1%
Mage Pieuvre du Sanctuaire
1%
Mage Poisson-Lanterne du Sanctuaire
1%
Mère de Grey
1%
Meshu
1%
M. Faust
1%
Millie Maxwell
1%
Mineth
1%
Mme Boismortier
1%
Mme Faust
1%
Mme Voltia
1%
M. Niaflem
1%
M. Silva
1%
Mushôgatake Yosuga
1%
M. Yami
1%
Nils elfe
1%
Nunnally
1%
Ôoka Daizaemon
1%
Paplo Espuma
1%
Pem Scarlet
1%
Prince Démon
1%
Prince Démon
1%
Princia Funnybunny
1%
Protobe Collina
1%
Protobe elfe
1%
Risacca elfe
1%
Robero Ringert
1%
Rokken
1%
Roland elfe
1%
Ryûdô Ryûya
1%
Samantha Kravitz
1%
Silen elfe
1%
Sir Freese
1%
Sivoir Snyle
1%
Sœur de Grey
1%
Sœur de Grey
1%
Svenkin Gatard
1%
Tenmanyashiki Fujio
1%
Walgner
1%
Yurul / Yrul
1%
Akimo
0%
Karen Lapis
0%
Kawbe Carillon
0%
Lovilia
0%
Mage Rascasse du Sanctuaire
0%
Maggie
0%
Mikuriya Fumito
0%
Onoby Sinho
0%
Siona Caverly
0%
Aucun quiz correspondant
Distribution des résultats
% des personnes avec chaque résultat
Percentile par nombre de réponses
Votre historique - résultats
Vous n’avez pas pris ce quiz depuis la dernière actualisation